The World's Great Thinkers/ (Record no. 12978)
[ view plain ]
| 000 -LEADER | |
|---|---|
| fixed length control field | 00962nam a22001817a 4500 |
| 008 - FIXED-LENGTH DATA ELEMENTS--GENERAL INFORMATION | |
| fixed length control field | 091125t1947 nyu||||| |||| 00| 0 eng d |
| 082 ## - DEWEY DECIMAL CLASSIFICATION NUMBER | |
| Edition number | 22 |
| Classification number | 001.01 |
| Item number | MAN |
| 245 ## - TITLE STATEMENT | |
| Title | The World's Great Thinkers/ |
| Statement of responsibility, etc | Edited by Saxe Commins & Robert N. Linscott. |
| 260 ## - PUBLICATION, DISTRIBUTION, ETC. (IMPRINT) | |
| Place of publication, distribution, etc | New York : |
| Name of publisher, distributor, etc | Random House, |
| Date of publication, distribution, etc | 1947 |
| 300 ## - PHYSICAL DESCRIPTION | |
| Extent | 4v. ; |
| Dimensions | 19 cm. |
| 490 ## - Series Statement | |
| Series statement | The World's Great Thinkers/ |
| 500 ## - GENERAL NOTE | |
| General note | Donated by: Alaa Abdel Ghany |
| 504 ## - BIBLIOGRAPHY, ETC. NOTE | |
| Bibliography, etc | [1] Man and spirit: the speculative philosophers.--[2] Man and man: the social philosophers.--[3] Man and the state: the political philosophers.--[4] Man and the universe: the philosophers of science. |
| 505 ## - FORMATTED CONTENTS NOTE | |
| Formatted contents note | [1] Man and spirit: the speculative philosophers.--[2] Man and man: the social philosophers.--[3] Man and the state: the political philosophers.--[4] Man and the universe: the philosophers of science. |
| 650 ## - SUBJECT ADDED ENTRY--TOPICAL TERM | |
| 9 (RLIN) | 6063 |
| Topical term or geographic name as entry element | Science |
| Form subdivision | Philosophy |
| General subdivision | Philosophy. |
| 650 ## - SUBJECT ADDED ENTRY--TOPICAL TERM | |
| 9 (RLIN) | 9516 |
| Topical term or geographic name as entry element | Political science |
| General subdivision | History. |
| 942 ## - ADDED ENTRY ELEMENTS (KOHA) | |
| Source of classification or shelving scheme | Dewey Decimal Classification |
| Item type | Book - Borrowing |
| Withdrawn status | Item status | Source of classification or shelving scheme | Materials specified (bound volume or other part) | Damaged status | Not for loan | Home library | Current library | Shelving location | Date acquired | Source of acquisition | Total Checkouts | Total Renewals | Full call number | Barcode | Date last seen | Date last borrowed | Koha item type | Vendor |
|---|---|---|---|---|---|---|---|---|---|---|---|---|---|---|---|---|---|---|
| Dewey Decimal Classification | BOX07 | Damaged | Central Library | Central Library | Lower Floor | 25/11/2009 | Donation | 2 | 9 | 001.01 MAN | 000018945 | 15/07/2025 | 28/02/2019 | Book - Borrowing | ||||
| Dewey Decimal Classification | Central Library | Central Library | Lower Floor | 10/12/2009 | Donation | 001.01 MAN | 000019301 | 15/07/2025 | Book - Borrowing | |||||||||
| Dewey Decimal Classification | Central Library | Central Library | Lower Floor | 10/12/2009 | Donation | 1 | 001.01 MAN | 000019298 | 15/07/2025 | 26/10/2013 | Book - Borrowing | |||||||
| Dewey Decimal Classification | Central Library | Central Library | Lower Floor | 10/12/2009 | Donation | 001.01 MAN | 000018946 | 15/07/2025 | Book - Borrowing |